|
|
|
|
| LEADER |
01257nam a22003497a 4500 |
| 001 |
35456 |
| 003 |
BD-DhAAL |
| 005 |
20251118170547.0 |
| 008 |
191020p20042007nyua|||| |||| 001 0 eng d |
| 020 |
|
|
|a 9780521544719 (paperback)
|
| 040 |
|
|
|a BD-DhAAL
|c BD-DhAAL
|
| 082 |
|
|
|a 540
|
| 245 |
1 |
0 |
|a AS level and A level chemistry /
|c Brian Ratcliff ... [et al.]
|
| 260 |
|
|
|a Cambridge :
|b Cambridge University Press,
|c 2004
|g (2007 printing)
|
| 300 |
|
|
|a 442 pages :
|b illustrations ;
|c 28 cm
|
| 500 |
|
|
|a Includes index.
|
| 500 |
|
|
|a First published.
|
| 526 |
|
|
|a BIED
|
| 541 |
|
|
|a Complimentary copy from BIED
|e 35456
|
| 650 |
|
|
|a Chemistry.
|9 36139
|
| 700 |
|
|
|a Ratcliff, Brian
|9 36140
|
| 700 |
|
|
|a Eccles, Helen
|9 36141
|
| 700 |
|
|
|a Raffan, John
|9 36142
|
| 700 |
|
|
|a Nicholon, John
|9 36143
|
| 700 |
|
|
|a Johnson, David
|9 36144
|
| 700 |
|
|
|a Acaster, David
|9 36145
|
| 700 |
|
|
|a Matthews, Philip
|9 36146
|
| 700 |
|
|
|a Newman, John
|9 36147
|
| 852 |
|
|
|a Ayesha Abed Library
|c BIED Collection
|
| 942 |
|
|
|2 ddc
|c BK
|
| 999 |
|
|
|c 41634
|d 41634
|
| 952 |
|
|
|0 0
|1 0
|2 ddc
|4 0
|6 540_000000000000000_ASL
|7 0
|9 66844
|a BRACUL
|b BRACUL
|c GEN
|d 2019-10-20
|e Complimentary copy from BIED
|l 0
|o 540 ASL
|p 3010035456
|r 2019-10-20
|t 1
|w 2019-10-20
|y BK
|x Transferred from BIED to General Stacks
|